[Event "ISR-chT"]
[Site "Israel"]
[Date "2024.02.10"]
[Round "6.21"]
[White "Dvoirys, Semen I"]
[Black "Erenberg, Ariel"]
[Result "1/2-1/2"]
[WhiteElo "2476"]
[BlackElo "2500"]
[PlyCount "113"]
[EventDate "2024.01.10"]
[EventType "team-tourn"]
[EventRounds "11"]
[EventCountry "ISR"]
[SourceTitle "CB09_2024"]
[SourceDate "2024.02.28"]
[SourceVersion "1"]
[SourceVersionDate "2024.02.28"]
[SourceQuality "1"]
[WhiteTeam "Beer Sheva II"]
[BlackTeam "Kfar Saba"]
[WhiteTeamCountry "ISR"]
[BlackTeamCountry "ISR"]

1. e4 e5 2. Nf3 Nc6 3. Bb5 a6 4. Ba4 Nf6 5. 0-0 Be7 6. Re1 b5 7. Bb3 d6 8. c3 0-0 9. h3 Bb7 10. d4 Re8 11. Ng5 Rf8 12. Nf3 Re8 13. a3 h6 14. Nbd2 Bf8 15. Bc2 Nb8 16. b4 Nbd7 17. Bb2 g6 18. c4 exd4 19. cxb5 axb5 20. Nxd4 c6 21. a4 d5 22. axb5 cxb5 23. Rxa8 Bxa8 24. exd5 Rxe1+ 25. Qxe1 Bxd5 26. Nf1 Qe7 27. Ne3 Qxb4 28. Qxb4 Bxb4 29. Nxd5 Nxd5 30. Nxb5 Bf8 31. Kf1 h5 32. g3 Bg7 33. Bc1 Be5 34. Bb3 N7f6 35. Ke2 Nc3+ 36. Nxc3 Bxc3 37. Kd3 Ba1 38. Be3 Kg7 39. Kc4 Bb2 40. Bc2 Ba1 41. Kb5 Bb2 42. Kc5 Bc3 43. f3 Be5 44. Bf2 Bc3 45. Bb3 Be5 46. Be1 Bb2 47. Kd6 Ba3+ 48. Kc7 Bb2 49. Kd8 Bd4 50. Bb4 Be5 51. g4 hxg4 52. hxg4 Ng8 53. Bd2 Bd4 54. g5 f6 55. f4 fxg5 56. fxg5 Nf6 57. gxf6+ 1/2-1/2

[Event "ISR-chT"]
[Site "Israel"]
[Date "2024.01.10"]
[Round "1.34"]
[White "Erenberg, Ariel"]
[Black "Stolyarsky, Yegor"]
[Result "1-0"]
[WhiteElo "2500"]
[BlackElo "2101"]
[PlyCount "97"]
[EventDate "2024.01.10"]
[EventType "team-tourn"]
[EventRounds "11"]
[EventCountry "ISR"]
[SourceTitle "CB09_2024"]
[SourceDate "2024.02.28"]
[SourceVersion "1"]
[SourceVersionDate "2024.02.28"]
[SourceQuality "1"]
[WhiteTeam "Kfar Saba"]
[BlackTeam "Rehovot"]
[WhiteTeamCountry "ISR"]
[BlackTeamCountry "ISR"]

1. d4 d5 2. c4 e6 3. Nc3 a6 4. cxd5 exd5 5. Nf3 Nf6 6. Bg5 Be6 7. Qb3 Ra7 8. e3 Nbd7 9. Bd3 Bd6 10. 0-0 c6 11. Bf4 Qb8 12. Bxd6 Qxd6 13. h3 0-0 14. Qc2 h6 15. Rab1 Nh5 16. b4 f5 17. Nh4 Rf6 18. Qe2 g5 19. Qxh5 Bf7 20. Nxf5 Bxh5 21. Nxd6 Rxd6 22. a4 Bg6 23. Bxg6 Rxg6 24. b5 Rd6 25. Rfc1 axb5 26. axb5 Kf7 27. bxc6 bxc6 28. Ra1 Rxa1 29. Rxa1 Re6 30. Ra7 Re7 31. Na4 Ke6 32. Ra8 Kd6 33. Rh8 Re6 34. Rd8 Kc7 35. Rxd7+ Kxd7 36. Nc5+ Kd6 37. Nxe6 Kxe6 38. Kf1 Kf5 39. Ke2 h5 40. Kd3 g4 41. hxg4+ hxg4 42. f3 g3 43. Kc3 Ke6 44. Kb4 Kd6 45. f4 Ke6 46. Kc5 Kf5 47. Kxc6 Ke4 48. f5 Kxe3 49. f6 1-0

[Event "Titled Tuesday intern op 26th Sep Late"]
[Site "Chess.com INT"]
[Date "2023.09.26"]
[Round "3"]
[White "Yeletsky, Ivan"]
[Black "Erenberg, Ariel"]
[Result "1-0"]
[WhiteElo "2504"]
[BlackElo "2496"]
[PlyCount "71"]
[EventDate "2023.09.26"]
[EventType "swiss (blitz)"]
[EventRounds "11"]
[EventCountry "USA"]
[SourceTitle "EXT 2024"]
[Source "ChessBase"]
[SourceDate "2023.10.10"]
[SourceVersion "1"]
[SourceVersionDate "2023.10.10"]
[SourceQuality "1"]

1. Nf3 Nf6 2. d3 c5 3. g3 d6 4. Bg2 g6 5. 0-0 Bg7 6. e4 Nc6 7. c3 0-0 8. Re1 Rb8 9. d4 cxd4 10. cxd4 e5 11. d5 Ne7 12. Na3 b5 13. Nc2 h6 14. a4 b4 15. b3 a5 16. Nd2 Nd7 17. Ne3 f5 18. Ndc4 Nc5 19. exf5 gxf5 20. Bb2 f4 21. Ng4 Ng6 22. Rc1 Nxb3 23. Ngxe5 dxe5 24. Qxb3 Qg5 25. d6 Be6 26. Qd3 Rbd8 27. Nd2 fxg3 28. hxg3 Qh5 29. Rc5 Bh3 30. Bxh3 Qxh3 31. Qxg6 Rxf2 32. Kxf2 Rf8+ 33. Ke3 Qg2 34. Rc7 Qf2+ 35. Kd3 e4+ 36. Rxe4 1-0

[Event "Titled Tuesday intern op 05th Sep Late"]
[Site "Chess.com INT"]
[Date "2023.09.05"]
[Round "8"]
[White "Erenberg, Ariel"]
[Black "Svane, Rasmus"]
[Result "0-1"]
[WhiteElo "2496"]
[BlackElo "2641"]
[PlyCount "86"]
[EventDate "2023.09.05"]
[EventType "swiss (blitz)"]
[EventRounds "11"]
[EventCountry "USA"]
[SourceTitle "EXT 2024"]
[Source "ChessBase"]
[SourceDate "2023.10.10"]
[SourceVersion "1"]
[SourceVersionDate "2023.10.10"]
[SourceQuality "1"]

1. e4 c6 2. d4 d5 3. exd5 cxd5 4. Bd3 Nc6 5. c3 Nf6 6. Bf4 Bg4 7. Qb3 Qd7 8. Nd2 e6 9. Ngf3 Bd6 10. Bxd6 Qxd6 11. 0-0 0-0 12. Rfe1 Qc7 13. h3 Bxf3 14. Nxf3 Rab8 15. a4 a6 16. Qc2 Rfc8 17. Qe2 h6 18. Ra3 Re8 19. b4 Ne7 20. Ne5 Nc8 21. b5 axb5 22. axb5 Nd6 23. Qf3 Ra8 24. Rea1 Rxa3 25. Rxa3 Rc8 26. Qe2 Qd8 27. Rb3 Ra8 28. Kh2 Ra1 29. Qb2 Ra5 30. Qe2 Qa8 31. Qf3 Ra3 32. Rb1 Qc8 33. Rc1 Qc7 34. Bb1 Nde4 35. Bxe4 Nxe4 36. g3 f6 37. Nd3 Rxc3 38. Rxc3 Qxc3 39. Qe3 Kf7 40. h4 g5 41. hxg5 hxg5 42. Qf3 Ke7 43. Qe3 Nxf2 0-1

[Event "Titled Tuesday intern op 05th Sep Late"]
[Site "Chess.com INT"]
[Date "2023.09.05"]
[Round "9"]
[White "Reprintsev, Alexander"]
[Black "Erenberg, Ariel"]
[Result "1-0"]
[WhiteElo "2227"]
[BlackElo "2496"]
[PlyCount "77"]
[EventDate "2023.09.05"]
[EventType "swiss (blitz)"]
[EventRounds "11"]
[EventCountry "USA"]
[SourceTitle "EXT 2024"]
[Source "ChessBase"]
[SourceDate "2023.10.10"]
[SourceVersion "1"]
[SourceVersionDate "2023.10.10"]
[SourceQuality "1"]

1. e4 c6 2. Nc3 d5 3. Nf3 Bg4 4. h3 Bxf3 5. Qxf3 e6 6. Be2 Nf6 7. e5 Nfd7 8. Qg3 c5 9. f4 Nc6 10. 0-0 g6 11. b3 Bg7 12. Bb2 0-0 13. Nb5 a6 14. Nd6 f6 15. Nxb7 Qc7 16. f5 Qxb7 17. exf6 Nxf6 18. fxg6 hxg6 19. Qxg6 Nd4 20. Bxd4 cxd4 21. Bd3 Rae8 22. Rae1 Qf7 23. Rxf6 Qxf6 24. Qh7+ Kf7 25. Rf1 Rh8 26. Rxf6+ Kxf6 27. Qg6+ Ke5 28. Qxg7+ Kd6 29. Qxd4 e5 30. Qb6+ Kd7 31. Bxa6 Re6 32. Qb7+ Kd6 33. c4 dxc4 34. Bxc4 Rf6 35. Qb6+ Ke7 36. Qc7+ Kf8 37. Qd8+ Kg7 38. Qe7+ Kg6 39. Bd3+ 1-0

[Event "Titled Tuesday intern op 04th Jul Late"]
[Site "Chess.com INT"]
[Date "2023.07.04"]
[Round "7"]
[White "Ardila, Oscar Humberto"]
[Black "Erenberg, Ariel"]
[Result "0-1"]
[WhiteElo "1958"]
[BlackElo "2496"]
[PlyCount "126"]
[EventDate "2023.07.04"]
[EventType "swiss (blitz)"]
[EventRounds "11"]
[EventCountry "USA"]
[SourceTitle "EXT 2024"]
[Source "ChessBase"]
[SourceDate "2023.10.10"]
[SourceVersion "1"]
[SourceVersionDate "2023.10.10"]
[SourceQuality "1"]

1. d4 d5 2. c4 dxc4 3. Qa4+ Nd7 4. Qxc4 a6 5. Nf3 b5 6. Qb3 Bb7 7. Nbd2 Ngf6 8. e3 e6 9. a4 c6 10. axb5 cxb5 11. Bd3 Be7 12. 0-0 0-0 13. Rd1 Rc8 14. Qa2 Nb6 15. b3 Nbd5 16. Bb2 Nc3 17. Bxc3 Rxc3 18. Qb1 Qc7 19. Ne5 Rc8 20. f3 g6 21. Ne4 Nxe4 22. Bxe4 Rxe3 23. Bxb7 Qxb7 24. Qa2 Bf6 25. Qxa6 Qxa6 26. Rxa6 Bxe5 27. dxe5 Rc2 28. g4 Rxe5 29. h4 Ree2 30. Ra8+ Kg7 31. g5 Rg2+ 32. Kh1 Rgf2 33. Kg1 Rg2+ 34. Kh1 Rge2 35. Kg1 h6 36. Kf1 hxg5 37. hxg5 Rh2 38. Kg1 Rhg2+ 39. Kf1 Rxg5 40. Rdd8 Rh5 41. Rg8+ Kf6 42. Kg1 Rd5 43. Rgd8 Rxd8 44. Rxd8 Rc3 45. b4 Rxf3 46. Rb8 Rf5 47. Kg2 Rd5 48. Kf3 g5 49. Ke3 Kf5 50. Kf3 f6 51. Rb7 g4+ 52. Kf2 e5 53. Rb8 Kf4 54. Rh8 f5 55. Ra8 e4 56. Rc8 g3+ 57. Kg2 Rd2+ 58. Kf1 Rb2 59. Rc5 Rxb4 60. Kg1 Kg4 61. Rc6 f4 62. Rg6+ Kf3 63. Rc6 Rb1+ 0-1

[Event "ISR-ch 41st"]
[Site "Arad"]
[Date "2022.12.11"]
[Round "7"]
[White "Kobo, Ori"]
[Black "Erenberg, Ariel"]
[Result "1/2-1/2"]
[WhiteElo "2554"]
[BlackElo "2514"]
[PlyCount "106"]
[EventDate "2022.12.05"]
[EventType "swiss"]
[EventRounds "9"]
[EventCountry "ISR"]
[SourceTitle "CBM 211 Extra"]
[Source "ChessBase"]
[SourceDate "2023.01.31"]
[SourceVersion "1"]
[SourceVersionDate "2023.01.31"]
[SourceQuality "1"]

1. e4 c6 2. Nf3 d5 3. e5 Bf5 4. Nh4 Bd7 5. d4 c5 6. c3 Nc6 7. dxc5 e6 8. Nf3 Bxc5 9. Bd3 Nge7 10. 0-0 Ng6 11. Re1 Bb6 12. Na3 a6 13. c4 d4 14. Nc2 Qe7 15. b4 Nxb4 16. Nxb4 Qxb4 17. Rb1 Qc5 18. Qb3 Ba5 19. Ba3 Qa7 20. Ng5 Bc6 21. Ne4 Rd8 22. Nd6+ Rxd6 23. Bxd6 Bxe1 24. Rxe1 Kd7 25. Be4 Rc8 26. c5 Ne7 27. Bxc6+ Rxc6 28. Qf3 Ke8 29. Qe4 Nf5 30. g4 Nxd6 31. cxd6 g6 32. Qf4 b5 33. Rd1 Rc4 34. h3 f5 35. exf6 Kf7 36. Qh6 Kxf6 37. Qf8+ Ke5 38. Re1+ Kd5 39. Qe8 Kxd6 40. Qxe6+ Kc5 41. a3 d3 42. Re5+ Kd4 43. Rd5+ Kc3 44. Qd6 Rd4 45. Rc5+ Qxc5 46. Qxc5+ Rc4 47. Qe5+ Kc2 48. Qa1 d2 49. Qa2+ Kd3 50. Qb1+ Kc3 51. Qa1+ Kc2 52. Qa2+ Kc1 53. Qa1+ Kc2 1/2-1/2

[Event "Titled Tuesday intern op 11th Oct Early"]
[Site "Chess.com INT"]
[Date "2022.10.11"]
[Round "3"]
[White "Erenberg, Ariel"]
[Black "Alexikov, Alexander"]
[Result "1-0"]
[WhiteElo "2516"]
[BlackElo "2223"]
[PlyCount "63"]
[EventDate "2022.10.11"]
[EventType "swiss (blitz)"]
[EventRounds "11"]
[EventCountry "USA"]
[SourceTitle "EXT 2024"]
[Source "ChessBase"]
[SourceDate "2023.10.10"]
[SourceVersion "1"]
[SourceVersionDate "2023.10.10"]
[SourceQuality "1"]

1. d4 Nf6 2. c4 g6 3. Nc3 Bg7 4. e4 d6 5. Nf3 0-0 6. Be2 e5 7. 0-0 Nbd7 8. Re1 Re8 9. Bf1 c6 10. h3 exd4 11. Nxd4 Nc5 12. f3 d5 13. cxd5 cxd5 14. e5 Nh5 15. f4 Ng3 16. Bb5 Bd7 17. Nxd5 a6 18. Bxd7 Qxd7 19. Nb6 Qe7 20. Nxa8 Rxa8 21. Qf3 Qh4 22. Be3 Nd3 23. Bf2 Nxf2 24. Qxf2 Bh6 25. e6 Bxf4 26. exf7+ Kxf7 27. Ne6 g5 28. Qd4 Nf5 29. Qd7+ Kf6 30. Nxf4 gxf4 31. Re6+ Kg5 32. Re5 1-0

[Event "Titled Tuesday intern op 11th Oct Early"]
[Site "Chess.com INT"]
[Date "2022.10.11"]
[Round "5"]
[White "Erenberg, Ariel"]
[Black "Garv, Gaur"]
[Result "0-1"]
[WhiteElo "2516"]
[BlackElo "2060"]
[PlyCount "96"]
[EventDate "2022.10.11"]
[EventType "swiss (blitz)"]
[EventRounds "11"]
[EventCountry "USA"]
[SourceTitle "EXT 2024"]
[Source "ChessBase"]
[SourceDate "2023.10.10"]
[SourceVersion "1"]
[SourceVersionDate "2023.10.10"]
[SourceQuality "1"]

1. d4 d5 2. Nf3 Nf6 3. Bg5 e6 4. Nbd2 Be7 5. Bxf6 Bxf6 6. e4 dxe4 7. Nxe4 Nd7 8. Bd3 b6 9. Qe2 Bb7 10. 0-0-0 Be7 11. h4 Nf6 12. Ne5 0-0 13. Ng5 h6 14. Kb1 Qd5 15. c4 Qd6 16. Bc2 Rad8 17. Qd3 c5 18. Nh7 g6 19. Nxg6 Be4 20. Nxe7+ Kh8 21. Qe3 Bxc2+ 22. Kxc2 Nxh7 23. Qe5+ Qxe5 24. dxe5 a6 25. Rxd8 Rxd8 26. Rd1 Rxd1 27. Kxd1 Kg7 28. f4 Kf8 29. Nc8 Ke8 30. Nxb6 Nf8 31. Kd2 Ng6 32. g3 Ne7 33. Na4 Nf5 34. Nxc5 Nxg3 35. Ne4 Nxe4+ 36. Ke3 Nc5 37. b4 Na4 38. Kd4 Kd7 39. b5 axb5 40. cxb5 Kc7 41. Kc4 Kb6 42. Kb4 Nc5 43. a4 Nd3+ 44. Kc4 Nxf4 45. Kb4 Nd3+ 46. Kc4 Nxe5+ 47. Kb4 Nd3+ 48. Kc4 Nb2+ 0-1

[Event "Titled Tuesday intern op 11th Oct Early"]
[Site "Chess.com INT"]
[Date "2022.10.11"]
[Round "2"]
[White "Shohat, Yotam"]
[Black "Erenberg, Ariel"]
[Result "1-0"]
[WhiteElo "2299"]
[BlackElo "2516"]
[PlyCount "40"]
[EventDate "2022.10.11"]
[EventType "swiss (blitz)"]
[EventRounds "11"]
[EventCountry "USA"]
[SourceTitle "EXT 2024"]
[Source "ChessBase"]
[SourceDate "2023.10.10"]
[SourceVersion "1"]
[SourceVersionDate "2023.10.10"]
[SourceQuality "1"]

1. e4 c5 2. Nf3 Nc6 3. Bb5 g6 4. 0-0 Bg7 5. Re1 Nf6 6. e5 Ng4 7. Bxc6 dxc6 8. h3 Nh6 9. d3 Nf5 10. c3 0-0 11. Bf4 e6 12. Qe2 b6 13. Nbd2 Ba6 14. Nc4 Qd5 15. Rad1 b5 16. b3 Rad8 17. g4 Ne7 18. Bg5 Rd7 19. Ne3 Qxf3 20. Qxf3 Bxe5 1-0

[Event "EU-Cup 37th"]
[Site "Mayrhofen"]
[Date "2022.10.05"]
[Round "3.2"]
[White "Erenberg, Ariel"]
[Black "Fedorchuk, Sergey A"]
[Result "0-1"]
[WhiteElo "2516"]
[BlackElo "2619"]
[PlyCount "98"]
[EventDate "2022.10.03"]
[EventType "team-swiss"]
[EventRounds "7"]
[EventCountry "AUT"]
[SourceTitle "CBM 210 Extra"]
[Source "ChessBase"]
[SourceDate "2022.11.30"]
[SourceVersion "1"]
[SourceVersionDate "2022.11.30"]
[SourceQuality "1"]
[WhiteTeam "Kfar Saba"]
[BlackTeam "Viernheim"]
[WhiteTeamCountry "ISR"]
[BlackTeamCountry "GER"]

1. Nf3 Nf6 2. g3 b6 3. Bg2 Bb7 4. 0-0 c5 5. c4 g6 6. d4 cxd4 7. Qxd4 Bg7 8. Nc3 d6 9. Rd1 Nbd7 10. Be3 a6 11. Rac1 Rc8 12. b3 0-0 13. Qh4 Re8 14. Bh3 Rb8 15. g4 Nf8 16. g5 N6d7 17. Nd5 e6 18. Nc3 Qe7 19. Ne4 Bxe4 20. Qxe4 b5 21. Qc6 bxc4 22. bxc4 Bb2 23. Rc2 Ba3 24. Qxa6 Ra8 25. Qc6 Rec8 26. Qe4 Ra4 27. Qd3 Qd8 28. Bf4 d5 29. Nd2 Be7 30. Bg3 Ra3 31. Rc3 Nc5 32. Qc2 Rxc3 33. Qxc3 Bxg5 34. e3 Bf6 35. Qc2 h5 36. cxd5 h4 37. Bf4 g5 38. dxe6 Ncxe6 39. Qb3 Rc3 40. Qa4 Rd3 41. Bf1 Rxd2 42. Rxd2 Qxd2 43. Bb8 Nd7 44. Qb5 Kg7 45. a4 Nxb8 46. Qxb8 Qa5 47. Qe8 Qb4 48. Qa8 Qg4+ 49. Kh1 Nc5 0-1

[Event "Titled Tuesday intern op 27th Sep Early"]
[Site "Chess.com INT"]
[Date "2022.09.27"]
[Round "1"]
[White "Erenberg, Ariel"]
[Black "Albertini, Luca"]
[Result "1-0"]
[WhiteElo "2516"]
[BlackElo "2134"]
[PlyCount "109"]
[EventDate "2022.09.27"]
[EventType "swiss (blitz)"]
[EventRounds "11"]
[EventCountry "USA"]
[SourceTitle "CBM 210 Extra"]
[Source "ChessBase"]
[SourceDate "2022.11.30"]
[SourceVersion "1"]
[SourceVersionDate "2022.11.30"]
[SourceQuality "1"]

1. b3 Nf6 2. Bb2 e6 3. Nf3 d5 4. c4 Be7 5. g3 0-0 6. Bg2 c6 7. 0-0 b6 8. d4 Ba6 9. Nbd2 Nbd7 10. Qc2 Rc8 11. e4 c5 12. e5 Ne8 13. Rfe1 cxd4 14. Nxd4 Qc7 15. Rac1 Qb8 16. Qb1 Bb4 17. Rcd1 Nxe5 18. Nxe6 fxe6 19. Bxe5 Bd6 20. Bxd6 Qxd6 21. cxd5 exd5 22. Nc4 Qc5 23. Bxd5+ Kh8 24. Ne3 Nf6 25. Bg2 Qh5 26. h3 Rb8 27. Rd4 Bb7 28. Rh4 Qf7 29. Ng4 h6 30. Ne5 Qc7 31. Ng6+ Kg8 32. Nxf8 Rxf8 33. Bxb7 Qxb7 34. Rf4 Qd7 35. Qf5 Qd2 36. Qe6+ Kh8 37. Qe2 Qd7 38. Kh2 Re8 39. Qd1 Rxe1 40. Qxe1 Qd6 41. Qe3 Qa3 42. Qd2 Qc5 43. Qd8+ Kh7 44. Qd3+ Kh8 45. Qd8+ Kh7 46. Rxf6 gxf6 47. Qxf6 Qc2 48. Qf7+ Kh8 49. a4 a5 50. h4 Qe2 51. h5 Qd2 52. Qe8+ Kg7 53. Qg6+ Kf8 54. Qxb6 Qd6 55. Qxd6+ 1-0

[Event "Titled Tuesday intern op 27th Sep Early"]
[Site "Chess.com INT"]
[Date "2022.09.27"]
[Round "4"]
[White "Erenberg, Ariel"]
[Black "Gorshtein, Ido"]
[Result "1-0"]
[WhiteElo "2516"]
[BlackElo "2471"]
[PlyCount "81"]
[EventDate "2022.09.27"]
[EventType "swiss (blitz)"]
[EventRounds "11"]
[EventCountry "USA"]
[SourceTitle "CBM 210 Extra"]
[Source "ChessBase"]
[SourceDate "2022.11.30"]
[SourceVersion "1"]
[SourceVersionDate "2022.11.30"]
[SourceQuality "1"]

1. Nf3 Nc6 2. Ng5 h6 3. Nf3 Nf6 4. d4 d6 5. c4 g6 6. Nc3 Bg7 7. d5 Nb8 8. e4 0-0 9. Be2 c6 10. 0-0 Na6 11. Re1 Nc5 12. Bf1 Bg4 13. h3 Bxf3 14. Qxf3 a5 15. Be3 Nfd7 16. Rad1 Qb6 17. Qe2 a4 18. Qd2 Kh7 19. Rb1 Qa5 20. Qc2 Rfc8 21. Ne2 Nf6 22. Ng3 cxd5 23. exd5 b5 24. Bxc5 Rxc5 25. Rxe7 Ra7 26. Rbe1 Nxd5 27. Rxa7 Qxa7 28. Qe4 a3 29. cxd5 axb2 30. Bd3 Rc1 31. Rf1 Qxa2 32. Ne2 Rxf1+ 33. Kxf1 f5 34. Bb1 Qb3 35. Qd3 Qb4 36. g4 fxg4 37. Qxg6+ Kg8 38. hxg4 Qd2 39. Qe6+ Kf8 40. Kg2 Be5 41. Bg6 1-0

[Event "Titled Tuesday intern op 27th Sep Early"]
[Site "Chess.com INT"]
[Date "2022.09.27"]
[Round "7"]
[White "Erenberg, Ariel"]
[Black "Wirig, Anthony"]
[Result "1/2-1/2"]
[WhiteElo "2516"]
[BlackElo "2515"]
[PlyCount "112"]
[EventDate "2022.09.27"]
[EventType "swiss (blitz)"]
[EventRounds "11"]
[EventCountry "USA"]
[SourceTitle "CBM 210 Extra"]
[Source "ChessBase"]
[SourceDate "2022.11.30"]
[SourceVersion "1"]
[SourceVersionDate "2022.11.30"]
[SourceQuality "1"]

1. Nf3 c5 2. e4 e6 3. d4 cxd4 4. Nxd4 Nf6 5. Nc3 Nc6 6. Nxc6 bxc6 7. e5 Nd5 8. Ne4 Qc7 9. f4 Qb6 10. c4 Bb4+ 11. Ke2 f5 12. exf6 Nxf6 13. Nd6+ Bxd6 14. Qxd6 c5 15. Qxb6 axb6 16. b3 d5 17. Bb2 d4 18. a4 Bb7 19. Rg1 e5 20. fxe5 Ng4 21. Kd2 0-0 22. Be2 Nxe5 23. Raf1 Rfe8 24. Rf4 Ng6 25. Rf2 Re3 26. Bd1 Ne5 27. Re2 Rxe2+ 28. Bxe2 Rf8 29. Rf1 Bxg2 30. Rxf8+ Kxf8 31. b4 Ke7 32. a5 bxa5 33. bxc5 Nc6 34. Kd3 g5 35. Bxd4 Nxd4 36. Kxd4 Bc6 37. Bd1 Ke6 38. Bg4+ Kf6 39. Bd1 Kf5 40. Bc2+ Kf4 41. Bxh7 Kg4 42. Bg8 a4 43. Bd5 Bd7 44. c6 Bc8 45. Kc3 Kh3 46. c7 Kxh2 47. Kb4 g4 48. Kxa4 g3 49. Ka5 g2 50. Bxg2 Kxg2 51. Kb6 Kf3 52. Ka7 Ke4 53. Kb8 Bf5 54. c8Q Bxc8 55. Kxc8 Kd4 56. Kc7 Kxc4 1/2-1/2

[Event "Titled Tuesday intern op 27th Sep Early"]
[Site "Chess.com INT"]
[Date "2022.09.27"]
[Round "3"]
[White "Gulevich, Artem"]
[Black "Erenberg, Ariel"]
[Result "0-1"]
[WhiteElo "2304"]
[BlackElo "2516"]
[PlyCount "108"]
[EventDate "2022.09.27"]
[EventType "swiss (blitz)"]
[EventRounds "11"]
[EventCountry "USA"]
[SourceTitle "CBM 210 Extra"]
[Source "ChessBase"]
[SourceDate "2022.11.30"]
[SourceVersion "1"]
[SourceVersionDate "2022.11.30"]
[SourceQuality "1"]

1. Nf3 c6 2. b3 d5 3. Bb2 Nf6 4. e3 g6 5. Be2 Bg7 6. 0-0 0-0 7. d4 Nbd7 8. Nbd2 Re8 9. c4 a5 10. a3 a4 11. b4 b6 12. cxd5 cxd5 13. Rc1 Bb7 14. Nb1 Ne4 15. Nfd2 Nd6 16. Nc3 e5 17. dxe5 Nxe5 18. Nxa4 Bc6 19. Nc3 Qh4 20. Nf3 Nxf3+ 21. Bxf3 Nc4 22. Qc2 Nxb2 23. Qxb2 Be5 24. g3 Qf6 25. Bg2 Bb5 26. Rfd1 Rac8 27. Nxd5 Bxb2 28. Nxf6+ Bxf6 29. Rxc8 Rxc8 30. Bb7 Rc7 31. Be4 Be7 32. h4 Rc3 33. Ra1 Ba4 34. Kg2 b5 35. Bf3 Kg7 36. Be2 h5 37. Bf1 Bf6 38. Ra2 Rb3 39. Rd2 Rxa3 40. Rd5 Rb3 41. Bxb5 Rxb4 42. Bxa4 Rxa4 43. Rc5 Ra6 44. Rc2 Re6 45. Kf3 Be7 46. Kg2 Kf6 47. Kf3 Bb4 48. Kg2 Rd6 49. Kf3 Rd2 50. Rxd2 Bxd2 51. Kf4 Be1 52. f3 Bf2 53. e4 Be1 54. e5+ Ke6 0-1

[Event "Titled Tuesday intern op 27th Sep Early"]
[Site "Chess.com INT"]
[Date "2022.09.27"]
[Round "8"]
[White "Kamsky, Gata"]
[Black "Erenberg, Ariel"]
[Result "0-1"]
[WhiteElo "2666"]
[BlackElo "2516"]
[PlyCount "74"]
[EventDate "2022.09.27"]
[EventType "swiss (blitz)"]
[EventRounds "11"]
[EventCountry "USA"]
[SourceTitle "CBM 210 Extra"]
[Source "ChessBase"]
[SourceDate "2022.11.30"]
[SourceVersion "1"]
[SourceVersionDate "2022.11.30"]
[SourceQuality "1"]

1. e4 c6 2. d4 d5 3. exd5 cxd5 4. Bd3 Nf6 5. c3 Bg4 6. Nf3 Nc6 7. Bf4 e6 8. Nbd2 Bd6 9. Bg3 0-0 10. 0-0 a6 11. a4 Rc8 12. Re1 Bxg3 13. hxg3 Qd6 14. Qb3 Na5 15. Qa3 Qc7 16. Ne5 Bf5 17. Bf1 Nc6 18. Nxc6 Qxc6 19. a5 Ne4 20. Nb3 Qc7 21. Re3 h5 22. Qb4 Rfe8 23. Bd3 Nd6 24. Be2 Bg6 25. Nc5 Re7 26. Qa3 Nf5 27. Rf3 e5 28. b4 e4 29. Rf4 e3 30. Bf3 exf2+ 31. Kxf2 Nxg3 32. Rh4 Nf5 33. Rh3 Qf4 34. Qc1 Re3 35. Kg1 Rce8 36. Bxd5 Ng3 37. Rxg3 Qxg3 0-1

[Event "Titled Tuesday intern op 27th Sep Early"]
[Site "Chess.com INT"]
[Date "2022.09.27"]
[Round "10"]
[White "Vokhidov, Shamsiddin"]
[Black "Erenberg, Ariel"]
[Result "0-1"]
[WhiteElo "2566"]
[BlackElo "2516"]
[PlyCount "76"]
[EventDate "2022.09.27"]
[EventType "swiss (blitz)"]
[EventRounds "11"]
[EventCountry "USA"]
[SourceTitle "CBM 210 Extra"]
[Source "ChessBase"]
[SourceDate "2022.11.30"]
[SourceVersion "1"]
[SourceVersionDate "2022.11.30"]
[SourceQuality "1"]

1. e4 c6 2. Nc3 d5 3. d4 dxe4 4. Nxe4 Nf6 5. Nxf6+ exf6 6. Be3 Bd6 7. Bd3 0-0 8. Ne2 Re8 9. 0-0 Nd7 10. c4 Nf8 11. Qc2 Be6 12. Nc3 Qa5 13. c5 Bb8 14. g3 Qd8 15. Rad1 Bg4 16. Be2 Bxe2 17. Qxe2 Ne6 18. d5 cxd5 19. Nxd5 Qc8 20. b4 Be5 21. Qc4 h5 22. b5 Ng5 23. f4 Nh3+ 24. Kg2 Qg4 25. Rd2 Rad8 26. Ne7+ Kf8 27. Rxd8 Rxd8 28. Nd5 h4 29. c6 bxc6 30. bxc6 hxg3 31. hxg3 Ng5 32. Qb4+ Bd6 33. Qe1 Qh3+ 34. Kg1 Ne4 35. Bf2 Re8 36. Ne3 Bc5 37. c7 Nxf2 38. Rxf2 Bxe3 0-1

[Event "Titled Tuesday intern op 26th Jul Early"]
[Site "Chess.com INT"]
[Date "2022.07.26"]
[Round "10"]
[White "Erenberg, Ariel"]
[Black "Raja, Harshit"]
[Result "1-0"]
[WhiteElo "2516"]
[BlackElo "2477"]
[PlyCount "67"]
[EventDate "2022.07.26"]
[EventType "swiss (blitz)"]
[EventRounds "11"]
[EventCountry "USA"]
[SourceTitle "EXT 2023"]
[Source "ChessBase"]
[SourceDate "2022.10.05"]
[SourceVersion "1"]
[SourceVersionDate "2022.10.05"]
[SourceQuality "1"]

1. e4 c5 2. Nf3 d6 3. d4 cxd4 4. Nxd4 Nf6 5. Nc3 a6 6. f3 e5 7. Nb3 Be6 8. Be3 Nbd7 9. Qd2 Be7 10. 0-0-0 h5 11. Kb1 Rc8 12. Nd5 Bxd5 13. exd5 Nb6 14. Bxb6 Qxb6 15. Bd3 h4 16. Rhe1 Rh5 17. f4 Kf8 18. Be2 Rf5 19. g3 exf4 20. gxf4 Rxd5 21. Bd3 a5 22. Qe2 Rc7 23. Nd2 Qb4 24. Nc4 b5 25. Ne3 Rh5 26. Nf5 Bd8 27. Bxb5 Be7 28. Rxd6 Kg8 29. Nxe7+ Kh7 30. Bd3+ g6 31. Rxf6 Kg7 32. Rxf7+ Kxf7 33. Qe6+ Kf8 34. Qg8# 1-0

[Event "Titled Tuesday intern op 26th Jul Early"]
[Site "Chess.com INT"]
[Date "2022.07.26"]
[Round "9"]
[White "Sadubayev, Airat"]
[Black "Erenberg, Ariel"]
[Result "0-1"]
[WhiteElo "2305"]
[BlackElo "2516"]
[PlyCount "78"]
[EventDate "2022.07.26"]
[EventType "swiss (blitz)"]
[EventRounds "11"]
[EventCountry "USA"]
[SourceTitle "EXT 2023"]
[Source "ChessBase"]
[SourceDate "2022.10.05"]
[SourceVersion "1"]
[SourceVersionDate "2022.10.05"]
[SourceQuality "1"]

1. d4 Nf6 2. c4 e6 3. g3 d5 4. Nf3 Bb4+ 5. Bd2 Be7 6. Bg2 0-0 7. 0-0 c6 8. Qc2 b6 9. Rd1 Ba6 10. Ne5 Nfd7 11. cxd5 cxd5 12. e4 Nxe5 13. exd5 Be2 14. dxe5 Bxd1 15. Qxd1 exd5 16. Nc3 Nc6 17. Nxd5 Nxe5 18. Bc3 Bd6 19. f4 Ng6 20. f5 Ne5 21. f6 g6 22. Qd2 Kh8 23. Re1 Re8 24. Qh6 Bf8 25. Qg5 Nd3 26. Re7 Kg8 27. Qe3 Nc5 28. h4 Rc8 29. h5 Ne6 30. hxg6 hxg6 31. Bh3 Rc6 32. Be5 Qxd5 33. Rxe8 Qd1+ 34. Bf1 Rc1 35. Qf2 Ng5 36. Kg2 Qd5+ 37. Kh2 Nf3+ 38. Kh3 Nxe5 39. Bg2 Qd7+ 0-1